000 00547nam a2200193Ia 4500
005 20260120131820.0
008 008 260114s9999 xx 000 0 eng d
020 _a9781383038316
037 _aEBOOK
040 _aCRL
_beng
_cCRL
041 _aeng
_2eng
084 _qCRL
100 _aIerodiakonou
_9931535
245 0 _aByzantine Philosophy and its Ancient Sources
260 _bOxford University PressOxford University Press
_c2023
856 _uhttps://academic.oup.com/book/49589
942 _cEBOOK
999 _c1523457
_d1523457